LEADER 01206nam0-2200325-i-450- 001 990009122140403321 005 20100901154917.0 010 $a2-222-02838-8 035 $a000912214 035 $aFED01000912214 035 $a(Aleph)000912214FED01 035 $a000912214 100 $a20091127d1982----km-y0itay50------ba 101 0 $afre 102 $aFR 105 $ay-------001yy 200 1 $a<>importance de l'exploration maritime au siècle des Lumières$eà propos du voyage de Bougainville$fCentre national de la recherche scientifique, Laboratoire associé n. 211, Histoire maritime, Table ronde, Paris, 8 et 9 décembre 1978$gorganisée par M. Mollat et É. Taillemite 210 $aParis$cÉditions du C.N.R.S$d1982 215 $a189 p.$d25 cm 676 $a508 702 1$aMollat du Jourdin,$bMichel$f<1911-1996> 702 1$aTaillemite,$bÉtienne$f<1924- > 710 02$aCentre national de la recherche scientifique$c$0214149 801 0$aIT$bUNINA$gRICA$2UNIMARC 901 $aBK 912 $a990009122140403321 952 $aSDI-KG 769$b2527$fSDI 959 $aSDI 996 $aImportance de l'exploration maritime au siècle des Lumières$9783614 997 $aUNINA LEADER 01042nam a22002651i 4500 001 991001705969707536 005 20031204090323.0 008 040407s19uu uik|||||||||||||||||eng 035 $ab12811208-39ule_inst 035 $aARCHE-079083$9ExL 040 $aDip.to Scienze Storiche$bita$cA.t.i. Arché s.c.r.l. Pandora Sicilia s.r.l. 082 04$a330.9001 245 00$aSocio-economic models in geography :$bparts 1. and 3. of Models in geography /$cedited by Richard J. Chorley, Peter Haggett 260 $aLondon :$bMethuen & co,$c[19..] 300 $a468 p. ;$c22 cm 440 0$aUniversity paperbacks 650 4$aGeografia economica$xModelli 700 1 $aHaggett, Peter 700 1 $aChorley, Richard John 907 $a.b12811208$b02-04-14$c16-04-04 912 $a991001705969707536 945 $aLE009 GEOG.12-64$g1$i2009000187047$lle009$o-$pE0.00$q-$rl$s- $t0$u3$v0$w3$x0$y.i13359708$z16-04-04 996 $aSocio-economic models in geography$9298797 997 $aUNISALENTO 998 $ale009$b16-04-04$cm$da $e-$feng$guik$h0$i1